000
00365nam a22001217a 4500
003
SGT
082
_a
891.4309
_b
P15S
100
_a
शर्मा, देव प्रकाश
245
_a
पुरापाषाण काल में मानव
260
_b
राष्ट्रीय संग्राहलय
_c
2015
300
_a
47
942
_2
ddc
_c
BK
999
_c
31924
_d
31924